Statistics for Diplomatic Missions of Solomon Islands

Click here to take the quiz!

General Stats

  • This quiz has been taken 36 times
  • The average score is 15 of 19

Answer Stats

MissionAnswer% Correct
CountryAustralia
100%
CountryNew Zealand
100%
High CommissionCanberra
97%
High CommissionWellington
97%
EmbassyBrussels
90%
Permanent MissionGeneva
90%
CountryBelgium
86%
Permanent MissionNew York City
86%
CountryPapua New Guinea
86%
CountryUnited Kingdom
86%
High CommissionLondon
83%
High CommissionPort Moresby
79%
CountryIndonesia
72%
CountryFiji
69%
EmbassyJakarta
69%
Permanent DelegationParis
66%
High CommissionSuva
55%
CountryCuba
24%
EmbassyHavana
21%

Score Distribution

Percentile by Number Answered

Percent of People with Each Score

Your Score History

You have not taken this quiz